Reflexiones acerca de la paridad en organizaciones /

Guardado en:
Bibliografiske detaljer
Hovedforfatter: Quesada Chanto, Yanis
Format: Bog
Sprog:Spanish
Tags: Tilføj Tag
Ingen Tags, Vær først til at tagge denne postø!

MARC

LEADER 00000nam a22000007a 4500
003 cru CIDCACS/IIS
005 20190123131658.0
007 ta
008 190123s2012 cr |||p|r||||||0| ||spa|d
999 |c 42105  |d 42105 
040 |c cru CIDCACS/IIS 
100 1 |9 8274  |a Quesada Chanto, Yanis 
245 1 |a Reflexiones acerca de la paridad en organizaciones /  |c Yanis Quesada Chanto 
300 |a páginas 12-27:  |b tablas, gráficos, fotos 
773 0 |0 42103  |9 2612  |d San José, Costa Rica: INAMU  |o 18248  |t Revista Olimpia /   |x 16592654 
942 |2 ddc  |c PP